| 000 | 00999nas a2200301 4500 | ||
|---|---|---|---|
| 001 | BR8601342 | ||
| 003 | BR-BrBNA | ||
| 005 | 20231205090357.0 | ||
| 007 | ta | ||
| 008 | 230509b bl.|||p| |||| 00| 00por d | ||
| 040 |
_aBR-BrBNA _bpor _cBiblioteca Nacional de Agricultura |
||
| 041 | _a(Pt) | ||
| 072 | _aF03 | ||
| 100 | 1 | _aGiaretta, H. | |
| 100 | 1 | _aCatalogne, E.V. de A. | |
| 245 | 1 | _aPoder germinativo em especies de sementes forrageiras analisadas no Rio Grande do Sul, no ano de 1981 [ervilhaca, trevo, festuca, capim de Rhodes, alfafa, azevem] | |
| 246 | 1 | _aGerminative power in forage seed species analyzed in Rio Grande do Sul in 1981 | |
| 650 | _aTREVO | ||
| 650 | _aCAPIM DE RHODES | ||
| 650 | _aALFAFA | ||
| 650 | _aAZEVEM | ||
| 650 | _aFESTUCA | ||
| 650 | _aSEMENTE | ||
| 650 | _aGERMINACAO | ||
| 773 | 0 |
_tAgronomia Sulriograndense (Brazil) _xISSN 0400-8111 _g(1983), v. 19(2) p. 89-101 _wBR8601342 |
|
| 909 |
_a202311 _bLúcia _c55 _dLúcia Elande |
||
| 942 |
_2AGRIS _n0 _cANA |
||
| 999 |
_c118000 _d118000 |
||